Einstein in Time and Space.A Life in 99 Particles (Record no. 2217)

MARC details
000 -LEADER
fixed length control field 00341nam a22001337a 4500
008 - FIXED-LENGTH DATA ELEMENTS--GENERAL INFORMATION
fixed length control field 250311b |||||||| |||| 00| 0 eng d
020 ## - INTERNATIONAL STANDARD BOOK NUMBER
ISBN 9781529372489
100 ## - MAIN ENTRY--AUTHOR
Author Graydon Samuel
245 ## - TITLE STATEMENT
Title Einstein in Time and Space.A Life in 99 Particles
260 ## - PUBLICATION, DISTRIBUTION, ETC. (IMPRINT)
Place of publication U.K
Name of publisher John Murray
Date of publication 2023
300 ## - COLLATION
Pagination 312p
942 ## - ADDED ENTRY ELEMENTS (KOHA)
Item type Books
050 ## - LIBRARY OF CONGRESS CALL NUMBER
Classification number QC16.5
Item number .G72
Holdings
Source of classification or shelving scheme Not for loan Permanent location Current location Date acquired Accession No. Full call number Barcode. Koha item type
Library of Congress Classification   Samuel Ogbemudia Main Library, University of Abuja Samuel Ogbemudia Main Library, University of Abuja 03/11/2025 2024/64288 QC16.5.G72 2025-0458 Books